000 01185pam a2200265 a 4500
999 _c129577
_d129577
001 2031505
003 ARRUPE
005 20190510092707.0
008 920429s1993 ilua b s001 0 eng
010 _a 92017309
020 _a0809318369 (alk. paper)
040 _aDLC
_cDLC
_dDLC
050 0 0 _aBX1705.N44
_bD487 1993
082 0 0 _a282/.092
_220
245 0 0 _aDiscourse and context :
_ban interdisciplinary study of John Henry Newman /
_cedited by Gerard Magill.
260 _aCarbondale :
_bSouthern Illinois University Press,
_cc1993.
300 _axii, 220 p. :
_bill. ;
_c24 cm.
504 _aIncludes bibliographical references and indexes.
600 1 0 _aNewman, John Henry,
_d1801-1890.
_946315
700 1 _aMagill, Gerard,
_d1951-
_946316
_eed.
906 _a7
_bcbc
_corignew
_d1
_eocip
_f19
_gy-gencatlg
942 _2lcc
_cMONOGRAPH